[Event "Portugal Open 2019"]
[Site "Lisbon"]
[Date "2019.02.03"]
[Round "3.24"]
[White "Corbalan Gomez, Juan Jose"]
[Black "Galego, Luis"]
[Result "1-0"]
[WhiteElo "2235"]
[BlackElo "2508"]
[Annotator "TA"]
[PlyCount "97"]
[EventDate "2019.01.25"]
[EventType "swiss"]
[EventCountry "POR"]
[SourceTitle "playchess.com"]
[Source "ChessBase"]
[SourceQuality "1"]

{[%evp 18,97,51,20,37,30,20,16,23,8,118,86,127,116,120,125,151,155,183,175,232,225,220,232,225,220,216,212,199,0,0,0,232,233,225,227,220,220,220,212,220,217,220,220,220,214,231,209,216,211,310,273,346,342,377,375,362,355,321,306,481,474,454,460,1479,1479,1479,1483,1483,1445,1431,1394,1362,1283,6102,5297,6104,6104,6027,5608,2349,1836]} 1. e4 c5 2. Nf3 a6 $146 (2... Nc6 3. d4 cxd4 4. Nxd4 Qb6 5. Nb3 Nf6 6. Nc3 e6 7. Bd3 d6 8. f4 a6 9. Qe2 Qc7 10. O-O {1-0 (53) Najer,E (2663)-Korobov,A (2694) Czech Republic 2018}) ({Predecessor:} 2... Nc6 3. d4 cxd4 4. Nxd4 Qb6 5. Nb3 Nf6 6. Nc3 e6 7. a3 Qc7 8. f4 d6 9. Bd3 a6 10. O-O b5 11. Qe2 Rb8 12. Kh1 Be7 {1-0 (33) Lupulescu,C (2566)-Chirila,I (2292) Predeal 2006}) 3. Nc3 e6 4. d4 cxd4 5. Nxd4 Qc7 6. Bd3 Nf6 7. O-O Bc5 8. Nb3 Be7 9. f4 d6 10. Qe2 Nc6 {B43: Sicilian: Kan Variation: 5 Nc3} 11. Bd2 b5 12. a3 (12. a4 b4 13. Nd1 O-O 14. Nf2 e5 15. f5 Rd8 16. Bg5 Bb7 17. Rae1 d5 18. Bxf6 Bxf6 {1-0 (53) Najer,E (2663)-Korobov,A (2694) Czech Republic 2018}) 12... Rb8 {The position is equal.} 13. Kh1 Bd7 (13... O-O $11 {keeps the balance.}) ({Predecessor:} 13... O-O 14. Rae1 b4 15. axb4 Nxb4 {1-0 (33) Lupulescu,C (2566)-Chirila,I (2292) Predeal 2006}) 14. Rae1 $16 b4 15. axb4 Nxb4 16. e5 Nxd3 17. Qxd3 dxe5 18. fxe5 Nd5 (18... Ng4 $142 19. h3 (19. Qxa6 O-O $11) 19... Nh6) 19. Nxd5 $18 exd5 20. Qg3 ({Less strong is} 20. Qxd5 O-O $14) 20... O-O 21. Bh6 $1 {[%csl Gh6][%cal Rg3g7]} g6 22. Bxf8 Rxf8 23. Rxf7 $2 (23. Nd4 $18) 23... Rxf7 $11 24. e6 {[%mdl 64] [#] Double Attack} Qxg3 $2 (24... Rf4 $1 $11 25. exd7 Bh4 26. d8=Q+ (26. Re8+ Kg7 $15) 26... Bxd8) 25. exf7+ $18 ({And not} 25. hxg3 {[#]} Bxe6 $1 {[%mdl 512]} 26. Rxe6 Bf6 $11) 25... Kxf7 {[%cal Rg3e1]} 26. hxg3 $11 {[%mdl 4096] Endgame KRN-KB} Bd6 27. Rd1 Ke6 28. Nd4+ Ke7 29. Re1+ Kf6 30. Ra1 Bc8 31. Ne2 g5 32. Rd1 Ke5 33. Nd4 g4 (33... Kf6 {was necessary.} 34. Rf1+ Kg6) 34. Kg1 $18 Bc5 35. c3 Bf5 36. Kf2 a5 37. Ke3 Be4 38. Rh1 Bg6 (38... Bd6 $142 39. Rh4 a4 40. Rxg4 Kf6) 39. Ra1 {White is clearly winning.} Bb6 40. b4 axb4 (40... a4 $142 41. Rxa4 Kd6) 41. Ra6 Bxd4+ 42. cxd4+ {KR-KB} Kf5 43. Rb6 Kg5 44. Rxb4 Be4 45. Rb7 h5 46. Re7 Bxg2 47. Re5+ Kg6 48. Kf4 Bf3 49. Re6+ {Accuracy: White = 86%, Black = 39%.} 1-0

[Event "Portugal Open 2019"]
[Site "Lisbon"]
[Date "2019.02.03"]
[Round "3.25"]
[White "Rego, Pedro Filipe"]
[Black "Miezis, Normunds"]
[Result "0-1"]
[WhiteElo "2228"]
[BlackElo "2467"]
[Annotator "TA"]
[PlyCount "60"]
[EventDate "2019.01.25"]
[EventType "swiss"]
[EventCountry "POR"]
[SourceTitle "playchess.com"]
[Source "ChessBase"]
[SourceQuality "1"]

{[%evp 24,60,-29,-48,-10,-43,-43,-44,-44,-62,-49,-74,-66,-80,-80,-93,-72,-98,-96,-125,-16,-18,-16,-137,-138,-135,-138,-125,-131,-124,-126,-116,-120,-123,-124,-258,-205,-902,-876]} 1. Nf3 ({Predecessor:} 1. c4 c5 2. Nc3 g6 3. g3 Bg7 4. Bg2 Nc6 5. Nf3 {½-½ (36) Bronstein,L (2415)-Pierrot,J (2400) Buenos Aires 1996}) 1... c5 2. c4 $146 (2. g3 Nc6 3. Bg2 g6 4. c4 Bg7 5. Nc3 {1-0 (31) Radjabov,T (2788)-Kotsur,P (2548) Astana 2012}) 2... Nc6 3. g3 e5 4. Nc3 g6 5. Bg2 Bg7 6. O-O (6. a3 d6 7. Rb1 a5 8. O-O Nge7 9. Ne1 Be6 10. Nd5 Rb8 11. d3 {1-0 (31) Radjabov,T (2788)-Kotsur,P (2548) Astana 2012}) ({Predecessor:} 6. a3 Nge7 7. Rb1 a5 8. d3 d6 9. O-O {½-½ (36) Bronstein,L (2415)-Pierrot,J (2400) Buenos Aires 1996}) 6... Nge7 7. d3 d6 8. a3 O-O 9. Rb1 a5 10. Ne1 Be6 11. Nd5 Rb8 12. Nc2 b5 13. Nce3 ({Predecessor:} 13. Nxe7+ Nxe7 14. Ne3 {½-½ (36) Bronstein,L (2415)-Pierrot,J (2400) Buenos Aires 1996}) 13... b4 {A37: Symmetrical English vs ...g6: 4 Bg2 Bg7 5 Nf3} (13... f5 {is interesting.} 14. Bd2 a4 15. Nc3 bxc4 16. dxc4 Na5) 14. Nxe7+ (14. axb4 {keeps more tension.} axb4 15. b3 f5 16. f4 exf4 17. Nxf4 Bf7 18. Bb2) (14. b3 Qd7 15. axb4 Nxb4 16. Nxe7+ Qxe7 17. Bd2 Qd7 18. Ra1 e4 19. dxe4 Bxa1 20. Qxa1 Nc6 21. f4 {1-0 (31) Radjabov,T (2788)-Kotsur,P (2548) Astana 2012}) 14... Nxe7 15. axb4 axb4 {Black is slightly better.} 16. Qb3 ({Predecessor:} 16. Ra1 f5 17. Ra7 f4 18. Nd5 Nxd5 19. cxd5 Bg4 20. h3 Bd7 {½-½ (36) Bronstein,L (2415)-Pierrot,J (2400) Buenos Aires 1996}) 16... f5 17. Nd5 Nxd5 18. cxd5 Bd7 19. Ra1 f4 20. Bd2 Bg4 21. Rfe1 f3 ({Resist} 21... fxg3 22. hxg3 Qc7 23. f3 $15) (21... Qf6 $17 {Strongly threatening ...fxg3.} 22. f3 Bc8) 22. exf3 $11 Bxf3 23. Qc4 (23. Bxf3 $11 Rxf3 24. Ra7) 23... Bxg2 $17 24. Kxg2 Qf6 25. Be3 {[#]} e4 $1 $36 {[%mdl 2560] Keeping White busy.} 26. Rab1 (26. Qxe4 Rbe8) 26... Rbe8 27. Kg1 exd3 28. Qxd3 Qf3 29. Red1 (29. Qd1 $17 {keeps fighting.}) 29... Rf5 30. Bf4 $2 {[#]} (30. Re1) 30... Re1+ $1 {[%mdl 512] Accuracy: White = 24%, Black = 58%.} 0-1

[Event "Portugal Open 2019"]
[Site "Lisbon"]
[Date "2019.02.03"]
[Round "3.26"]
[White "Terrieux, Kevin"]
[Black "Nordquelle, Daniel"]
[Result "1-0"]
[WhiteElo "2459"]
[BlackElo "2235"]
[Annotator "RC"]
[PlyCount "53"]
[EventDate "2019.01.25"]
[EventType "swiss"]
[EventCountry "POR"]
[SourceTitle "playchess.com"]
[Source "ChessBase"]
[SourceQuality "1"]
[TimeControl "5400+30"]

1. d4 {[%emt 0:00:51]} d5 {[%emt 0:06:52]} 2. Nf3 {[%emt 0:02:46]} e6 {[%emt 0:00:21]} 3. e3 {[%emt 0:01:09]} Nf6 {[%emt 0:00:34]} 4. Bd3 {[%emt 0:00:09]} Be7 {[%emt 0:01:16]} 5. O-O {[%emt 0:01:06]} O-O {[%emt 0:00:24]} 6. b3 {[%emt 0:00:15]} b6 {[%emt 0:01:06]} 7. Bb2 {[%emt 0:00:18]} Bb7 {[%emt 0:00:10]} 8. Nbd2 {[%emt 0:00:49]} Nbd7 {[%emt 0:03:40]} 9. c4 {[%emt 0:08:29]} c5 {[%emt 0:00:56]} 10. cxd5 {[%emt 0:01:04]} Nxd5 {[%emt 0:00:31]} 11. Rc1 {[%emt 0:05:05]} Rc8 {[%emt 0:01:49]} 12. Qe2 {[%emt 0:04:31]} cxd4 {[%emt 0:00:50]} 13. Nxd4 {[%emt 0:00:55]} Nc5 {[%emt 0:09:04]} 14. Bb1 {[%emt 0:00:50]} Ba6 {[%emt 0:01:44]} 15. Nc4 {[%emt 0:00:46]} b5 {[%emt 0:05:51]} 16. Nd2 {[%emt 0:02:16]} b4 {[%emt 0:00:34]} 17. Nc4 {[%emt 0:00:16]} Bf6 {[%emt 0:03:04]} 18. Rfd1 {[%emt 0:00:44]} Qe7 {[%emt 0:00:59]} 19. Nf5 {[%emt 0:09:22]} Qc7 {[%emt 0:01:24]} 20. Rxd5 {[%emt 0:03:01]} Bxb2 {[%emt 0:25:03]} 21. Qxb2 {[%emt 0:01:12]} exf5 {[%emt 0:00:07]} 22. Nd6 {[%emt 0:11:10]} Rfd8 {[%emt 0:13:29]} 23. Qd4 {[%emt 0:02:09]} Nxb3 {[%emt 0:03:01]} 24. Rxc7 {[%emt 0:00:58]} Nxd4 {[%emt 0:00:19]} 25. Nxc8 {[%emt 0:00:18]} Ne2+ {[%emt 0:00:20]} 26. Kh1 {[%emt 0:00:08]} Rxd5 {[%emt 0:01:28]} 27. Ne7+ {[%emt 0:00:09]} 1-0

[Event "Portugal Open 2019"]
[Site "Lisbon"]
[Date "2019.02.03"]
[Round "3.27"]
[White "Newrkla, Katharina"]
[Black "Butkiewicz, Lukasz"]
[Result "0-1"]
[WhiteElo "2180"]
[BlackElo "2445"]
[Annotator "TA"]
[PlyCount "60"]
[EventDate "2019.01.25"]
[EventType "swiss"]
[EventCountry "POR"]
[SourceTitle "playchess.com"]
[Source "ChessBase"]
[SourceQuality "1"]

{[%evp 17,59,27,43,18,19,6,18,10,46,0,12,0,0,0,0,0,36,39,62,0,0,0,0,0,0,0,0,-87,-111,-98,-92,-145,-114,-63,-21,-1010,-1012,-1110,-1107,-1074,-1079,-29992,-29993,-29999]} 1. e4 c5 2. Nf3 ({Predecessor:} 2. Nc3 Nc6 3. Nf3 e6 4. d4 cxd4 {½-½ (28) Pirs,M (2539)-Ruggeri Laderchi,G (2470) ICCF email 2012}) 2... Nc6 $146 (2... e6 3. d4 cxd4 4. Nxd4 {1-0 (42) Sjugirov,S (2663)-Morozevich,A (2656) Khanty-Mansiysk 2018}) 3. d4 cxd4 4. Nxd4 e6 5. Nc3 Qc7 6. Be3 a6 7. a3 Nf6 8. f4 d6 9. Qf3 Be7 10. Be2 {B82: Sicilian Scheveningen: 6 f4} (10. Nxc6 bxc6 11. g4 Rb8 12. g5 Nd7 13. b3 d5 14. Bg2 h6 15. h4 hxg5 16. hxg5 Rxh1+ 17. Bxh1 Qa5 {1-0 (42) Sjugirov,S (2663)-Morozevich,A (2656) Khanty-Mansiysk 2018}) ({Predecessor:} 10. O-O-O O-O {½-½ (28) Pirs,M (2539)-Ruggeri Laderchi,G (2470) ICCF email 2012}) 10... O-O 11. O-O-O Nxd4 12. Bxd4 {The position is equal.} b5 13. e5 ({Predecessor:} 13. Qg3 Bb7 14. Bf3 Bc6 15. Rhe1 Rfc8 16. e5 dxe5 17. Bxe5 Qb7 {½-½ (28) Pirs,M (2539)-Ruggeri Laderchi,G (2470) ICCF email 2012}) 13... Bb7 14. Qe3 Nd5 15. Nxd5 Bxd5 16. Bd3 Rfc8 (16... Bxg2 $2 17. Rhg1 $18) 17. Qg3 {Strongly threatening exd6.} Bf8 18. h4 (18. f5 $14) 18... dxe5 $11 19. Bxe5 Qc6 20. h5 {aiming for Bxg7!} h6 (20... Bxg2 $2 21. Bxg7 $1 {[%mdl 512]} f5 22. Rhg1 $18) 21. Rh4 {Threatens to win with Rg4.} f5 22. Qf2 (22. Qg6 $11) 22... b4 ({Much worse is} 22... Bxg2 $6 23. Rg1 $11) 23. axb4 {[#]} Qa4 $1 ({Weaker is} 23... Bxg2 24. Rg1 $14) ({Of course not} 23... Bxb4 $6 {[#]} 24. Bxg7 $1 {[%mdl 512]} Qa4 25. b3 $11) 24. Bc3 ({White should try} 24. Rh3) 24... Rxc3 25. bxc3 Rc8 26. Rh3 $2 {[%mdl 8192]} (26. Qd4 $11) 26... Rxc3 $19 27. Qb6 Bxb4 28. Qb8+ Kh7 {( -> ...Qa1+)} 29. Bxf5+ exf5 {[%csl Gc3][%cal Ra4c2]} 30. Rxd5 Qxc2# {Accuracy: White = 34%, Black = 57%.} 0-1

[Event "Portugal Open 2019"]
[Site "Lisbon"]
[Date "2019.02.03"]
[Round "3.28"]
[White "Thorhallsson, Throstur"]
[Black "Borges, Guilherme Deola"]
[Result "1/2-1/2"]
[WhiteElo "2425"]
[BlackElo "2181"]
[Annotator "TA"]
[PlyCount "67"]
[EventDate "2019.01.25"]
[EventType "swiss"]
[EventCountry "POR"]
[SourceTitle "playchess.com"]
[Source "ChessBase"]
[SourceQuality "1"]

{[%evp 23,67,6,17,-26,-15,-23,-18,-29,-28,-12,-25,-41,-19,-7,-7,-14,10,-14,0,0,0,0,0,-16,-39,-37,0,0,0,0,0,0,0,0,0,0,6,10,120,7,0,0,0,-6,-5,-14]} 1. e4 (1. d4 Nf6 2. c4 e6 3. Nf3 d5 4. Nc3 c5 5. e3 cxd4 6. exd4 Bb4 7. cxd5 Nxd5 8. Bd2 O-O 9. Bd3 Be7 10. O-O Nc6 {½-½ (56) Vitiugov,N (2734)-Hou,Y (2658) Belokurikha 2018}) 1... c5 $146 ({Predecessor:} 1... c6 2. d4 d5 3. exd5 cxd5 4. c4 e6 5. Nc3 Nf6 6. Nf3 Bb4 7. Bd2 O-O 8. a3 Be7 9. cxd5 Nxd5 10. Bd3 Nc6 {0-1 (40) Ramos,A (1994)-Escofet Fernandez,J (2008) Rio de Janeiro 2017}) 2. Nf3 e6 3. c3 d5 4. exd5 Qxd5 5. d4 Nc6 6. Bd3 Nf6 7. O-O Be7 8. Be3 cxd4 9. cxd4 O-O 10. Nc3 Qd8 11. a3 Nd5 12. Bd2 Bf6 13. Ne2 {B14: Caro-Kann: Panov-Botvinnik Attack with 5...e6 and 5...g6} (13. Be3 Nxc3 14. bxc3 b6 15. Qc2 g6 16. Be4 Bb7 17. Rad1 Na5 18. Bxb7 Nxb7 19. c4 Rc8 20. Qe2 Na5 21. d5 Qd7 22. Bd4 Bxd4 23. Rxd4 exd5 24. cxd5 {½-½ (56) Vitiugov,N (2734)-Hou,Y (2658) Belokurikha 2018}) 13... Bd7 14. Be4 ({Predecessor:} 14. Re1 Qb6 15. Bc3 Rac8 16. Qd2 Nxc3 17. bxc3 Na5 18. Rab1 Qc7 19. Ng5 g6 20. Ne4 Bg7 {0-1 (40) Ramos,A (1994)-Escofet Fernandez,J (2008) Rio de Janeiro 2017}) 14... Rc8 15. Qb1 h6 16. Qd3 Qb6 17. Rfe1 Rfd8 18. Bxd5 exd5 19. Bc3 Bg4 20. Rad1 Re8 21. h3 Bxf3 22. Qxf3 Rcd8 23. Nf4 Rxe1+ 24. Rxe1 Qb3 25. Qg4 Qc2 ({Don't go for} 25... Bxd4 $2 26. Bxd4 Nxd4 27. Nh5 $18) ({Wrong is} 25... Nxd4 $2 26. Nh5 $18) 26. Nh5 Qg6 $1 27. Nxf6+ Qxf6 28. Re3 Qg5 29. Qe2 Qf6 30. b4 {And now b5 would win.} Rc8 {[#]} (30... a6 $11 {remains equal.}) 31. Qg4 (31. b5 $1 $16 {[%cal Rb5c6]} Ne7 32. Rxe7 Rxc3 33. Rxb7) 31... Rc7 $1 $11 {The position is equal.} 32. Re8+ Kh7 33. Qg3 Re7 34. Rxe7 {Accuracy: White = 41%, Black = 45%.} 1/2-1/2

[Event "Portugal Open 2019"]
[Site "Lisbon"]
[Date "2019.02.03"]
[Round "3.29"]
[White "Poysti, Nathanael"]
[Black "Sukandar, Irine Kharisma"]
[Result "0-1"]
[WhiteElo "2172"]
[BlackElo "2397"]
[Annotator "TA"]
[PlyCount "116"]
[EventDate "2019.01.25"]
[EventType "swiss"]
[EventCountry "POR"]
[SourceTitle "playchess.com"]
[Source "ChessBase"]
[SourceQuality "1"]

{[%evp 20,116,32,25,18,33,40,37,35,10,24,12,77,68,50,50,51,52,91,69,62,68,86,71,83,71,92,82,81,64,63,68,61,68,100,-3,-3,-11,-31,-23,-16,-46,-19,-67,-58,-62,-38,-42,-30,-14,-14,-45,-44,-42,-32,-54,-50,-42,0,-31,-25,-28,-22,-22,-24,-27,-24,-24,-8,-8,-8,-158,-83,-73,-91,-84,-74,-77,-60,-88,-78,-198,-61,-195,-195,-29992,-29993,-29993,-29992,-29994,-29995,-29995,-29991,-29995,-29996,-29996,-29997,-29998,-29999]} 1. Nf3 Nf6 (1... d5 2. e3 Nf6 3. c4 {1-0 (68) Dubov,D (2703)-Fridman,D (2633) St Petersburg 2018}) 2. c4 e6 $146 ({Predecessor:} 2... c5 3. Nc3 e6 4. e3 d5 5. d4 Nc6 6. cxd5 exd5 7. Be2 cxd4 8. Nxd4 Bd6 9. O-O O-O 10. b3 Qe7 {1-0 (23) Belov,I (2405)-Foisor,O (2495) Moscow 1987}) 3. e3 d5 4. b3 c5 5. Bb2 Nc6 6. cxd5 exd5 7. Be2 Bd6 8. Nc3 {[%cal Bb1c3,Bc3b5,Bb5d4][%mdl 32]} (8. O-O O-O 9. d4 cxd4 10. Nxd4 Qe7 {1-0 (68) Dubov,D (2703)-Fridman,D (2633) St Petersburg 2018}) 8... O-O 9. d4 cxd4 10. Nxd4 Qe7 11. O-O Rd8 {D32: Tarrasch Defence: Sidelines and lines without g3} (11... Be6 12. Rc1 Rac8 13. Nxe6 fxe6 14. Nb5 Bc5 15. Nd4 Nxd4 16. Bxd4 Bxd4 17. Qxd4 Qa3 18. Qa1 Kf7 19. g3 {1-0 (68) Dubov,D (2703)-Fridman,D (2633) St Petersburg 2018}) 12. Ncb5 Bb8 13. Rc1 {Threatens to win with Rxc6.} Bd7 {White is slightly better.} 14. Nxc6 bxc6 15. Nd4 Qd6 (15... c5 $11 16. Nf3 Bd6) 16. g3 $16 a5 17. Qc2 $36 {[%cal Rd4c6][%mdl 2048] White has the initiative.} Ba7 18. Rfd1 c5 ({Predecessor:} 18... Re8 19. Bf3 Ng4 20. Nxc6 Nxe3 21. Qc3 Qh6 22. Re1 d4 23. Qd2 {1-0 (23) Belov,I (2405)-Foisor,O (2495) Moscow 1987}) 19. Nb5 Bxb5 $1 20. Bxb5 d4 21. exd4 cxd4 22. Qc7 Qb4 23. Bc4 Rd7 24. Qf4 Rad8 25. Rd3 Qe7 26. Rcd1 {[%cal Rb2d4]} Nd5 27. Bxd5 (27. Qd2 $16) 27... Rxd5 $11 28. Rc1 Qe6 29. Rcd1 h6 30. Qd2 (30. Bxd4 $2 Qd7 $19) 30... Qh3 31. f3 h5 32. Re1 Qf5 33. Re4 Rc8 {Strongly threatening ...Rdc5.} 34. Qe2 (34. Bxd4 $2 Rxd4 35. Rdxd4 (35. Rexd4 $2 Rc1+ 36. Kg2 Bxd4 $19) 35... Qxf3 $19) 34... Kh7 35. Rf4 (35. Bxd4 $2 Rxd4 36. Rexd4 Rd8 $19) 35... Qg6 36. Re4 $1 Rc6 37. Kg2 ({Don't go for} 37. Bxd4 $2 Rxd4 38. Rexd4 (38. Rdxd4 $2 Rd6 $19 {[%mdl 64] Pin}) 38... Rd6 $19) 37... f5 38. Re7 Bb6 39. Rd2 f4 40. Qe4 Qxe4 41. fxe4 Rg5 42. Kh3 fxg3 43. hxg3 Bc7 44. Rd3 Be5 45. Bxd4 (45. Rd7 $11) 45... Bxd4 (45... Rd6 $142 46. Bxe5 (46. Kh4 $2 Bxd4 47. Kxg5 Bf6+ {[%mdl 64] Double Attack, Discovered Attack} 48. Kf4 Rxd3 $19) 46... Rxd3) 46. Rxd4 {[%mdl 4096] Endgame KRR-KRR} Rc3 47. Rd2 Rcxg3+ 48. Kh2 R3g4 {[%cal Rg4h4]} 49. Kh3 Rg1 50. Rf7 (50. Re2 $17) 50... Rh1+ 51. Rh2 Re1 $1 {[%cal Re1e3] ( -> ...Re3+)} 52. Rf5 $2 {[#]} (52. Rc2 $19) 52... Re3+ $1 {Black mates.} 53. Kh4 {[#]} Rg4+ $1 54. Kxh5 Reg3 {[%csl Gg3,Gg4,Gh7][%cal Rg7g6]} 55. Rf7 Rg5+ 56. Kh4 Kh6 {[%csl Gg3][%cal Rg5g4]} 57. Rf4 Rg1 {[%csl Gh6][%cal Rg5h5]} 58. Kh3 R5g3+ {Accuracy: White = 41%, Black = 59%.} 0-1

[Event "Portugal Open 2019"]
[Site "Lisbon"]
[Date "2019.02.03"]
[Round "3.30"]
[White "Martin Duque, Jesus"]
[Black "Hill, Alistair"]
[Result "1-0"]
[WhiteElo "2393"]
[BlackElo "2152"]
[Annotator "NA RC"]
[PlyCount "91"]
[EventDate "2019.01.25"]
[EventType "swiss"]
[EventCountry "POR"]
[SourceTitle "playchess.com"]
[Source "ChessBase"]
[SourceQuality "1"]
[TimeControl "5400+30"]

1. e4 {[%emt 0:04:54]} c5 {[%emt 0:00:00]} 2. Nf3 {[%emt 0:00:03]} Nc6 {[%emt 0:00:00]} 3. d4 {[%emt 0:00:02]} cxd4 {[%emt 0:00:00]} 4. Nxd4 {[%emt 0:00:02]} Nf6 {[%emt 0:00:00]} 5. Nc3 {[%emt 0:00:02]} e5 {[%emt 0:00:00]} 6. Ndb5 {[%emt 0:00:02]} d6 {[%emt 0:00:00]} 7. Bg5 {[%emt 0:00:03]} a6 {[%emt 0:00:03]} 8. Na3 {[%emt 0:00:02]} ({Predecessor:} 8. Bxf6 gxf6 9. Na3 {0-1 (35) Djingarova,E (2030)-Vijayalakshmi,S Szeged 1994}) 8... b5 {[%emt 0:00:03]} 9. Bxf6 {[%emt 0:00:03]} gxf6 {[%emt 0:00:05]} 10. Nd5 {[%emt 0:00:02]} f5 {[%emt 0:00:06]} 11. Bd3 {[%emt 0:00:06]} Be6 {[%emt 0:00:41]} 12. c3 $146 {[%emt 0:00:11]} (12. O-O Bxd5 13. exd5 Ne7 14. Re1 Bg7 {½-½ (41) Topalov,V (2749)-Mamedov,R (2704) Shamkir 2018}) 12... Bg7 {[%emt 0:01:35]} 13. O-O {[%emt 0:00:07]} Bxd5 {[%emt 0:01:53]} 14. exd5 {[%emt 0:00:04]} Ne7 {[%emt 0:00:05]} 15. Re1 {[%emt 0:00:07] B33: Sicilian: Pelikan and Sveshnikov Variations} O-O {[%emt 0:23:46]} 16. Nc2 {[%emt 0:00:02]} e4 {[%emt 0:00:25]} (16... Re8 17. Qh5 e4 18. Bf1 Nxd5 19. Qxf5 Re5 20. Qh3 Qb6 21. Rad1 Rae8 22. Rxe4 Rxe4 23. Rxd5 {½-½ (41) Topalov,V (2749)-Mamedov,R (2704) Shamkir 2018}) 17. Bf1 {[%emt 0:00:03]} Ng6 {[%emt 0:05:24]} 18. Qh5 {[%emt 0:10:32]} Qd7 {[%emt 0:13:15]} (18... Qf6 $14) 19. g3 {[%emt 0:14:35]} ({Predecessor:} 19. Rad1 Rae8 20. Nd4 Bxd4 21. Rxd4 Re5 22. Qh3 Qe7 {0-1 (35) Djingarova,E (2030)-Vijayalakshmi,S Szeged 1994}) 19... Rfe8 {[%emt 0:09:54]} 20. Bh3 {[%emt 0:05:04]} Re5 {[%emt 0:00:03]} 21. Ne3 {[%emt 0:14:01]} Ne7 {[%emt 0:01:38]} 22. a4 {[%emt 0:02:41]} h6 {[%emt 0:17:32]} 23. axb5 {[%emt 0:03:42]} Qxb5 {[%emt 0:00:02]} 24. Qe2 {[%emt 0:02:53]} Qc5 {[%emt 0:11:12]} 25. Rxa6 {[%emt 0:11:58]} Rxa6 {[%emt 0:00:32]} 26. Qxa6 {[%emt 0:00:03]} Nxd5 {[%emt 0:01:42]} 27. Qa8+ {[%emt 0:01:10]} Bf8 {[%emt 0:02:09]} 28. Nxf5 {[%emt 0:13:51]} e3 {[%emt 0:01:57]} 29. f4 {[%emt 0:00:51]} Rxf5 {[%emt 0:01:13]} 30. Bxf5 {[%emt 0:00:03]} e2+ {[%emt 0:00:03]} 31. Kg2 $1 {[%emt 0:00:44]} Ne3+ {[%emt 0:00:13]} 32. Kh1 {[%emt 0:00:17]} Qxf5 {[%emt 0:03:57]} 33. Qf3 {[%emt 0:00:31]} Nc4 {[%emt 0:03:55]} 34. Rxe2 {[%emt 0:01:22]} d5 {[%emt 0:00:38]} 35. Kg2 {[%emt 0:01:38]} Bg7 {[%emt 0:01:14]} 36. g4 {[%emt 0:04:09]} Qd7 {[%emt 0:00:35]} 37. h3 {[%emt 0:00:23]} Qb5 {[%emt 0:00:31]} 38. Qd3 {[%emt 0:01:39]} Qc6 {[%emt 0:01:10]} 39. Kh2 {[%emt 0:00:38]} Nb6 {[%emt 0:00:54]} 40. Qf5 {[%emt 0:02:19]} Qb5 {[%emt 0:00:38]} 41. Rg2 $11 {[%emt 0:01:21]} Qf1 {[%emt 0:00:21]} 42. g5 {[%emt 0:00:36]} Nc4 {[%emt 0:00:31]} 43. Qc8+ {[%emt 0:03:47]} Kh7 {[%emt 0:00:02]} 44. Qg4 {[%emt 0:00:32]} hxg5 {[%emt 0:01:08]} 45. Qxg5 {[%emt 0:00:33]} Bf8 {[%emt 0:00:53]} 46. Qg8+ {[%emt 0:00:06]} 1-0

[Event "Portugal Open 2019"]
[Site "Lisbon"]
[Date "2019.02.03"]
[Round "3.31"]
[White "Low, Zhen Yu Cyrus"]
[Black "Pirola, Claudionor Alcides "]
[Result "1-0"]
[WhiteElo "2377"]
[BlackElo "2113"]
[Annotator "NA RC"]
[PlyCount "56"]
[EventDate "2019.01.25"]
[EventType "swiss"]
[EventCountry "POR"]
[SourceTitle "playchess.com"]
[Source "ChessBase"]
[SourceQuality "1"]
[TimeControl "5400+30"]

1. e4 {[%emt 0:00:00]} e5 {[%emt 0:01:21]} 2. Nf3 {[%emt 0:00:00]} Nc6 {[%emt 0:00:05]} 3. Bc4 {[%emt 0:00:00]} Nf6 {[%emt 0:00:06]} 4. Ng5 {[%emt 0:00:00]} d5 {[%emt 0:00:21]} 5. exd5 {[%emt 0:00:00]} Na5 {[%emt 0:00:05]} 6. Bb5+ {[%emt 0:00:04]} c6 {[%emt 0:00:27]} 7. dxc6 {[%emt 0:00:01]} bxc6 {[%emt 0:00:08]} 8. Bd3 {[%emt 0:00:05]} Nd5 {[%emt 0:00:08] C58: Two Knights: 4 Ng5 d5 5 exd5 Na5 sidelines} 9. Nf3 {[%emt 0:00:04]} Nf4 $146 {[%emt 0:00:26]} ({Predecessor:} 9... Bd6 10. O-O Nf4 11. Nc3 (11. Re1 Nxd3 {1-0 (34) Bortnyk,O (2553)-Sanal,V (2510) Kocaeli 2015}) 11... Nxd3 12. cxd3 O-O 13. Ne4 Ba6 14. Re1 Bc7 15. b4 Nb7 16. Bb2 {½-½ (112) Wang,H (2730)-Tari,A (2620) St Petersburg 2018}) 10. O-O {[%emt 0:00:02]} Nxd3 {[%emt 0:00:11]} 11. cxd3 {[%emt 0:00:01]} Bd6 {[%emt 0:00:12]} 12. Re1 {[%emt 0:00:05]} O-O {[%emt 0:00:07]} 13. Nc3 {[%emt 0:00:04]} ({Predecessor:} 13. b3 f6 14. Nc3 {1-0 (34) Bortnyk,O (2553)-Sanal,V (2510) Kocaeli 2015}) 13... c5 {[%emt 0:03:35]} 14. b3 {[%emt 0:01:01]} f6 {[%emt 0:03:11]} 15. Ne4 {[%emt 0:02:55]} Ba6 {[%emt 0:03:57]} 16. Ba3 {[%emt 0:00:10]} Nb7 {[%emt 0:04:12]} (16... Bxd3 $11 {keeps the balance.} 17. Nxc5 Bxc5 18. Bxc5 Rf7) 17. Qc2 Rc8 {[%emt 0:07:57]} 18. Rac1 {[%emt 0:13:34]} Qb6 {[%emt 0:20:52]} 19. b4 {[%emt 0:16:11]} (19. Nxd6 $16 Nxd6 20. Bxc5 Bxd3 21. Bxb6 Rxc2 22. Rxc2 (22. Bxa7 Rxa2 23. Rc3 Rxa7 $11) 22... Bxc2 23. Bc5 (23. Bxa7 Ra8 $16)) 19... cxb4 {[%emt 0:04:33]} 20. Qb3+ {[%emt 0:00:21]} Kh8 {[%emt 0:00:25]} 21. Nxd6 {[%emt 0:00:44]} Nxd6 {[%emt 0:01:03]} 22. Qxb4 {[%emt 0:01:53]} Qxb4 {[%emt 0:04:45]} 23. Bxb4 {[%emt 0:00:18]} Rfd8 {[%emt 0:00:25]} 24. Rxc8 {[%emt 0:03:44]} Nxc8 {[%emt 0:02:37]} 25. d4 $1 {[%emt 0:00:54]} exd4 $16 {[%emt 0:10:35]} 26. Nxd4 {[%emt 0:01:45]} Kg8 {[%emt 0:00:01]} 27. Nc6 {[%emt 0:15:10]} Rd7 {[%emt 0:00:01]} 28. Nb8 {[%emt 0:00:32]} Rc7 {[%emt 0:00:59]} 1-0